=LDR 00000nam 2200000 4500 =001 INLIS000000000054922 =005 20200303100959 =035 ##$$a 0010-0320000029 =007 ta =008 200303###########################0#ind## =020 ##$$a 979-526-340-4 =082 ##$$a 631.45 =084 ##$$a 631.45 Sup p =245 1#$$a Pengendalian erosi tanah : $b Dalam rangka pelstarian lingkungan hidup =250 ##$$a Cet. 6 =300 ##$$a xviii, 150 halaman : $b Ilustrasi ; $c 21 Cm. =650 #4$$a Erosi =264 ##$$a Jakarta :$b Pt bumi aksara,$c 2018 =336 ##$$a teks$2 rdacontent =337 ##$$a lain-lain$2 rdamedia =338 ##$$a lain-lain$2 rdacarrier =990 ##$$a 1351813518 =990 ##$$a 1351813518